Etica fundamental de la vida humana

I tiakina i:
Ngā taipitopito rārangi puna kōrero
Kaituhi matua: Vidal García, Marciano (Author)
Hōputu: Pukapuka
Reo:Pāniora
I whakaputaina: Madrid Fundación Santa María 1984
Rangatū:El valor de la vida humana, 2
Ngā marau:
Ngā Tūtohu: Tāpirihia he Tūtohu
Kāore He Tūtohu, Me noho koe te mea tuatahi ki te tūtohu i tēnei pūkete!

MARC

LEADER 00000nam a2200000 a 4500
001 UCW6791
003 CL-VaPUC
008 920514e19840000SP |||||||||||||||||spa|d
082 0 4 |a 248  |b VID  |2 21 
100 |a Vidal García, Marciano  |e author  |9 600968 
245 1 0 |a Etica fundamental de la vida humana 
300 |a 65 p 
942 |c BK 
945 |d 19920514 00:00:00 
260 |a Madrid  |b Fundación Santa María  |c 1984 
650 0 |a Ética  |9 255099 
650 0 |a Educación moral  |9 308319 
650 0 |a Teología moral   |9 256617 
583 |a last modification  |c 19920514 00:00:00  |k Rodrigo Vera 
490 0 |a El valor de la vida humana, 2 
999 |c 219733  |d 219731